| 000 | 00608cam a2200145 4500500 | ||
|---|---|---|---|
| 005 | 20251228053357.0 | ||
| 041 | _afre | ||
| 042 | _adc | ||
| 100 | 1 | 0 |
_aBernet, Jacques _eauthor |
| 245 | 0 | 0 | _aJacques Garbit, Les Lionnais du Perche… Des scieurs de long venus du Haut-Forez. xviie-xixe siècles, Ceton, Fédération des Amis du Perche, 2003, 285 p. |
| 260 | _c2005. | ||
| 500 | _a8 | ||
| 786 | 0 | _nHistoire & Sociétés Rurales | 24 | 2 | 2005-10-01 | p. 171x-276x | 1254-728X | |
| 856 | 4 | 1 | _uhttps://shs.cairn.info/revue-histoire-et-societes-rurales-2005-2-page-171x?lang=fr&redirect-ssocas=7080 |
| 999 |
_c1585293 _d1585293 |
||